[Event "Turkey IS Bank Super League 2017"]
[Site "Darica-Kocaeli"]
[Date "2017.08.04"]
[Round "10"]
[White "Ivanchuk, Vassily"]
[Black "Najer, Evgeniy"]
[Result "1/2-1/2"]
[WhiteElo "2729"]
[BlackElo "2706"]
[Annotator "TA"]
[PlyCount "64"]
[EventType "team-tourn"]
[EventCountry "TUR"]
[SourceTitle "playchess.com"]
[Source "ChessBase"]
[SourceQuality "1"]

{[%evp 37,64,0,0,0,0,0,0,0,0,0,0,0,0,0,0,0,0,-5,0,0,0,0,0,0,0,0,0,0,0]} 1. e4 c6 2. d4 d5 3. exd5 cxd5 4. c4 Nf6 5. Nc3 Nc6 6. Nf3 Bg4 7. cxd5 Nxd5 8. Qb3 Bxf3 9. gxf3 e6 10. Qxb7 Nxd4 11. Bb5+ Nxb5 12. Qc6+ Ke7 13. Qxb5 Qd7 14. Nxd5+ Qxd5 15. Qxd5 exd5 16. Be3 Ke6 17. O-O-O Bb4 18. Rd3 {B13: Caro-Kann: Exchange Variation and Panov-Botvinnik Attack} Rhc8+ 19. Kb1 Bc5 {LiveBook: 6 Games. The position is equal.} 20. Rc1 {[#]} Bxe3 $146 ({Predecessor:} 20... Bb6 21. Rg1 Bxe3 22. Rxe3+ Kf6 23. Rg4 Rc7 24. Rf4+ Kg6 25. Rg4+ Kf6 26. Rf4+ Kg6 27. Rg4+ {½-½ (27) Adams,M (2737)-Ponomariov,R (2695) Sofia 2005}) 21. fxe3 $11 {[%mdl 4096] Endgame KRR-KRR} g5 22. Ra3 Rxc1+ 23. Kxc1 {KR-KR} a5 24. Kd1 Rb8 25. b3 Rb5 26. Ra4 h5 27. Ke1 f5 28. h3 Kd6 (28... Rb4 $5 {[%cal Rb4a4]} 29. Rxa5 Rh4 $11) 29. Ke2 Rc5 30. Kd2 Rb5 31. Ke2 Rc5 32. Kd2 Rb5 {Precision: White = 89%, Black = 62%.} 1/2-1/2

[Event "Turkey IS Bank Super League 2017"]
[Site "Darica-Kocaeli"]
[Date "2017.08.04"]
[Round "10"]
[White "Mamedov, Rauf"]
[Black "Kuzubov, Yuriy"]
[Result "1/2-1/2"]
[WhiteElo "2680"]
[BlackElo "2646"]
[Annotator "TA"]
[PlyCount "74"]
[EventType "team-tourn"]
[EventCountry "TUR"]
[SourceTitle "playchess.com"]
[Source "ChessBase"]
[SourceQuality "1"]

{[%evp 12,74,31,25,28,14,13,11,12,8,14,13,25,15,28,27,27,27,33,19,27,21,24,10,16,24,10,21,20,17,27,0,13,0,0,0,34,37,64,66,62,65,69,71,70,39,68,52,56,41,89,45,48,51,52,42,35,38,47,0,0,0,37,0,0]} 1. e4 e5 2. Nf3 Nf6 3. Nxe5 d6 4. Nf3 Nxe4 5. d4 d5 6. Bd3 Be7 7. c4 Bb4+ {C42: Petroff Defence: 3 Nxe5 and unusual White 3rd moves} 8. Kf1 {Black must now prevent cxd5.} c6 (8... O-O 9. a3 Be7 10. cxd5 Nf6 11. Nc3 Nbd7 12. h4 Nb6 13. Bg5 Nfxd5 14. Qc2 h6 15. Re1 {1-0 (64) Wei,Y (2738)-Yu,Y (2753) Danzhou 2017}) 9. Qb3 Be7 10. cxd5 Nf6 11. Nc3 O-O 12. Bg5 cxd5 13. Bxf6 Bxf6 14. Nxd5 Nc6 15. Nxf6+ Qxf6 {[#]} 16. d5 $146 Ne7 {[%cal Bc6e7,Be7f5,Bf5d6,Bd6e4][%mdl 32]} 17. Rd1 Rd8 18. Be4 Nf5 19. h3 Nd6 20. Bb1 Bd7 21. Kg1 {[%cal Bf1g1,Bg1h2,Bh2g2][%mdl 32]} Bb5 22. Bd3 Bxd3 23. Rxd3 Rac8 24. Kh2 Ne4 25. Rd4 Ng5 {[#] aiming for ...Nxf3+.} ({Don't go for} 25... Nxf2 $2 26. Rf1 $18) 26. Rhd1 Nxf3+ 27. gxf3 Qd6+ 28. Kg2 b6 29. Re4 h6 30. Qe3 Kh7 31. Qe2 Rc5 32. Red4 Qg6+ 33. Kh2 Rc2 34. R1d2 Rc1 {[%csl Gc1][%cal Rg6g1] [#]} 35. Rd1 Rc2 36. R1d2 Rc1 $1 {[%csl Gc1][%cal Rg6g1]} 37. Rd1 Rc2 {Precision: White = 70%, Black = 69%.} 1/2-1/2

[Event "Turkey IS Bank Super League 2017"]
[Site "Darica-Kocaeli"]
[Date "2017.08.04"]
[Round "10"]
[White "Markus, Robert"]
[Black "Kerigan, Demre"]
[Result "1/2-1/2"]
[WhiteElo "2672"]
[BlackElo "2354"]
[Annotator "TA"]
[PlyCount "130"]
[EventType "team-tourn"]
[EventCountry "TUR"]
[SourceTitle "playchess.com"]
[Source "ChessBase"]
[SourceQuality "1"]

{[%evp 13,130,-2,5,-6,0,0,2,0,0,0,0,0,0,0,0,-7,6,-19,3,-16,31,10,28,0,0,0,0,-14,-14,-31,-16,-41,-14,-44,-34,-40,-8,0,0,-21,-9,-11,-9,-35,-32,-79,-38,-46,-27,-36,0,-41,-35,-31,-24,-22,-25,-26,-11,-12,0,-19,0,-19,0,-21,0,-21,0,-20,6,6,6,6,22,22,22,17,23,11,12,12,21,8,8,8,8,0,7,0,0,0,0,0,0,0,0,0,0,0,0,0,0,0,0,0,0,0,0,0,0,0,0,0,0,0,0,0,0]} 1. d4 Nf6 2. c4 e6 3. Nf3 d5 4. g3 Be7 5. Bg2 O-O 6. b3 {E06: Closed Catalan: Early deviations} (6. O-O dxc4 7. Qc2 b5 8. a4 b4 9. Nfd2 c6 10. Nxc4 Qxd4 11. Rd1 Qc5 12. b3 Ba6 13. Nbd2 Nbd7 14. Bb2 Rad8 15. Rac1 Nb6 {½-½ (64) Ding,L (2781)-Wei,Y (2738) Danzhou 2017}) 6... dxc4 7. bxc4 c5 {LiveBook: 6 Games} 8. e3 Qa5+ 9. Nbd2 $146 ({Find the theoretical novelty and annotate with similar games:} 9. Bd2 Qc7 10. Qb3 Nc6 11. O-O Ne4 12. Rd1 Rd8 13. Be1 cxd4 14. exd4 {1-0 (35) Blittkowsky,R (2095)-Preusse,G (1951) GER email 2013}) 9... Rd8 10. O-O Nc6 {[%cal Rc5d4]} 11. Nb3 Qa4 12. Qe2 b6 13. Ne5 Bb7 {[%cal Rc5d4]} 14. Bb2 Rab8 15. f4 Ne8 16. Rfc1 f6 17. Nd3 {[%cal Rd4c5]} Ba6 18. Qg4 f5 $1 {[%cal Rf5g4]} 19. Qe2 {[%cal Rd4c5]} Rbc8 20. Ne5 Nxe5 21. dxe5 g6 22. h3 Rd7 23. Bf3 Rcd8 24. Rc3 Nc7 {Threatening ...Nd5!} 25. Qc2 Ne8 26. Re1 Bb7 27. Bxb7 Rxb7 28. Bc1 (28. Nd2 $5 {[%cal Rc2a4]} Qxc2 29. Rxc2 $15) 28... Rbd7 29. Qe2 Ng7 30. Kf2 Qc6 31. Qf3 Qa4 32. Rc2 Rd3 33. Ree2 Kf7 34. Red2 Rxd2+ 35. Bxd2 Ne8 36. Be1 Ng7 37. Kf1 Ne8 38. Bf2 Ng7 39. Kg1 Ne8 40. Kg2 Ng7 41. e4 Qc6 (41... h5 {feels hotter.} 42. Be1 a5 43. Bf2 Qb4 44. Qe2 Qa3) 42. exf5 Qxf3+ 43. Kxf3 {[#] Threatens to win with f6.} gxf5 44. Ke2 h5 45. Rd2 Ke8 46. Rxd8+ Kxd8 $11 {[%mdl 4096] Endgame KBN-KBN. The position is equal.} 47. Nd2 Kc7 48. Nf1 Kc6 49. a4 Bd8 50. Ne3 Be7 51. Kf3 a6 52. g4 hxg4+ 53. hxg4 fxg4+ 54. Kxg4 b5 55. axb5+ axb5 56. cxb5+ Kxb5 57. f5 exf5+ 58. Nxf5 Nxf5 59. Kxf5 {KB-KB} c4 60. Be1 Ka4 61. e6 Kb3 62. Kg6 c3 {[#]} 63. Bxc3 $1 {[%mdl 512]} Kxc3 64. Kf7 Bd8 65. e7 Bxe7 $1 {Precision: White = 40%, Black = 49%.} 1/2-1/2

[Event "Turkey IS Bank Super League 2017"]
[Site "Darica-Kocaeli"]
[Date "2017.08.04"]
[Round "10"]
[White "Korobov, Anton"]
[Black "Yilmaz, Mustafa"]
[Result "0-1"]
[WhiteElo "2668"]
[BlackElo "2640"]
[Annotator "TA"]
[PlyCount "160"]
[EventType "team-tourn"]
[EventCountry "TUR"]
[SourceTitle "playchess.com"]
[Source "ChessBase"]
[SourceQuality "1"]

{[%evp 25,160,10,4,0,20,0,19,-5,0,-20,9,-2,14,10,11,4,11,2,25,31,23,0,0,0,0,10,0,0,10,-47,-41,-46,-35,-49,-40,-90,-105,-104,-103,-102,-96,-245,-234,-243,-241,-241,-228,-237,-214,-209,-218,-272,-260,-277,-267,-518,-503,-385,-125,-127,-127,-132,-130,-289,-289,-379,-373,-438,-362,-335,-337,-439,-434,-967,-633,-5406,-464,-855,-843,-29952,-29954,-29953,-29953,-29956,-29957,-29959,-29958,-29958,-29958,-29948,-29951,-12733,-4671,-29980,-29980,-29980,-29979,-29979,-29980,-29983,-29984,-29984,-29982,-29982,-29980,-29980,-29981,-29981,-29981,-29982,-29982,-29982,-29983,-29983,-29984,-29984,-29985,-29985,-29986,-29987,-29988,-29988,-29989,-29989,-29986,-29986,-29986,-29987,-29988,-29991,-29991,-29992,-29993,-29995,-29996,-29996,-29997]} 1. d4 Nf6 2. c4 e6 3. Nc3 d5 4. cxd5 exd5 5. Bg5 c6 6. e3 Be7 7. Bd3 Nbd7 {[%cal Bb8d7,Bd7f8,Bf8e6][%mdl 32]} 8. Nge2 Nf8 9. Qc2 Ne6 10. Bh4 g6 11. f3 O-O 12. O-O b6 13. Rad1 Bb7 {LiveBook: 25 Games. D36: Queen's Gambit Declined: Exchange Variation: Main line (5 Bg5 c6 6 Qc2)} 14. Qc1 (14. Kh1 Rc8 15. Bf2 Bd6 16. Qd2 Bb8 17. Bg3 Bxg3 18. Nxg3 c5 19. Bb1 Qe7 20. dxc5 bxc5 21. e4 {½-½ (65) Ragger,M (2696)-Khismatullin,D (2609) Gjakova 2016}) 14... Rc8 (14... Nh5 $5 {[%cal Re7h4]} 15. Bxe7 Qxe7 $11) 15. a3 $146 ({Predecessor:} 15. Kh1 c5 16. dxc5 Nxc5 17. Bc2 Ncd7 18. Nf4 Qc7 19. Bb3 Qe5 20. Bg3 Qg5 21. Qb1 {½-½ (75) Erwich,F (2340)-Sonntag,H (2371) Germany 2012}) 15... a5 {The position is equal.} 16. Qb1 Nh5 17. Bf2 Bd6 18. e4 {[%cal Be3e4,Be4e5,Be5e6][%mdl 32]} Nhf4 19. Nxf4 Nxf4 20. Bg3 Ne6 21. e5 Be7 22. f4 Nxd4 23. f5 {[%cal Rf5g6]} (23. Bf2 $5 {[%cal Rf2d4]} c5 24. Bxd4 cxd4 25. Nb5 $11) 23... Bg5 {[#]} 24. e6 $1 {[%mdl 512]} Nxf5 (24... fxe6 25. fxg6) 25. Bxf5 gxf5 26. Qxf5 {[%cal Re6f7]} Qe7 27. Qg4 (27. Rde1 $11 Ba6 28. Qg4 Bxf1 29. exf7+ Qxf7 30. Qxg5+ Qg7 31. Qxg7+ Kxg7 32. Rxf1) 27... f5 $1 $15 {[%cal Rf5g4]} (27... fxe6 $2 28. h4 $18) 28. Rxf5 Rxf5 29. Qxf5 {White wants to play Be5.} Rf8 $36 {[%mdl 2048] White is under pressure.} 30. Qg4 {And now h4 would win.} h5 $1 {[%cal Rh5g4]} 31. Qxh5 Be3+ 32. Kh1 Qxe6 33. Be5 (33. Re1 $17) 33... Qf5 $1 $19 {[%cal Rf5f1]} 34. Qxf5 Rxf5 35. Bg3 c5 36. Nb5 {next Nd6 is good for White.} Ba6 37. Nd6 Rf6 38. h4 d4 39. Re1 {[#]} Rxd6 $1 {[%mdl 512]} 40. Rxe3 $2 {[%mdl 4096] Endgame KRB-KRB} (40. Bxd6 {only move.} d3 41. Bc7 (41. Rxe3 $2 d2 $19)) 40... Rg6 $1 ({Stronger than} 40... dxe3 41. Bxd6 Kf7 42. Kg1 $11) 41. h5 Rg5 $2 ({Weaker is} 41... dxe3 42. hxg6 Kg7 43. Kg1 $15) (41... Rg4 $1 $19 {and Black stays clearly on top.} 42. Re8+ Kf7) 42. Bf4 $17 Rxh5+ ({Reject} 42... dxe3 $6 43. Bxg5 e2 44. Bd2 $11) 43. Rh3 Rf5 44. g3 $2 (44. Rh4 $17 {was worth a try.}) 44... c4 $1 $19 45. Rh2 b5 46. Rh6 Bb7+ 47. Kg1 c3 $1 {[%cal Rc3b2]} 48. bxc3 dxc3 49. Rd6 (49. Be3 $142 Bd5 50. Rh4) 49... b4 50. axb4 {[#]} axb4 (50... Rxf4 $142 $1 {[%mdl 512]} 51. gxf4 axb4 52. Rd8+ Kg7 53. Rd7+ Kf6 54. Rxb7 c2) 51. Rd8+ (51. Be3 $142 b3 52. Rb6) 51... Kf7 {Threatens to win with ...Rxf4!} 52. Rd7+ Ke6 53. Rxb7 {[#]} Rxf4 $1 {[%mdl 512]} 54. gxf4 {KR-KPP} c2 55. Rc7 b3 56. Kf2 b2 57. Rxc2 b1=Q {KQ-KR} 58. Rd2 Kf5 59. Rd5+ Ke4 {Black mates.} 60. Rd2 Qb6+ 61. Ke2 Qg1 62. f5 Qg4+ 63. Kf2 Qf3+ 64. Kg1 Qg3+ 65. Rg2 Qe1+ 66. Kh2 Qh4+ 67. Kg1 Kxf5 68. Rf2+ Ke4 69. Ra2 Qg3+ 70. Kf1 Qd3+ 71. Kf2 Qd4+ 72. Kg2 Qd5 73. Rf2 Ke3+ 74. Kg1 Qg5+ 75. Rg2 Qh4 76. Ra2 Qb4 77. Rg2 Qe1+ 78. Kh2 Kf3 79. Rg6 Qe5+ 80. Kg1 Qc5+ {Precision: White = 32%, Black = 63%.} 0-1

[Event "Turkey IS Bank Super League 2017"]
[Site "Darica-Kocaeli"]
[Date "2017.08.04"]
[Round "10"]
[White "Kravtsiv, Martyn"]
[Black "Zhigalko, Sergei"]
[Result "1-0"]
[WhiteElo "2657"]
[BlackElo "2648"]
[Annotator "TA"]
[PlyCount "87"]
[EventType "team-tourn"]
[EventCountry "TUR"]
[SourceTitle "playchess.com"]
[Source "ChessBase"]
[SourceQuality "1"]

{[%evp 24,87,11,17,15,7,12,9,6,9,20,18,56,56,55,20,50,26,57,59,86,89,115,0,0,0,0,0,0,0,0,0,0,0,0,0,2,6,235,228,364,242,237,0,355,296,299,297,392,383,425,416,1099,0,0,0,1106,1049,1011,861,29971,29969,29994,29995,29995,29996]} 1. d4 Nf6 2. c4 e6 3. Nc3 Bb4 4. e3 O-O 5. Bd3 d5 6. Nf3 b6 7. O-O Bb7 8. cxd5 exd5 9. a3 Bd6 10. b4 Nbd7 11. Qb3 c6 12. e4 {E52: Nimzo-Indian: Rubinstein: 4...0-0 5 Nf3 d5 6 Bd3 b6} (12. a4 a5 13. bxa5 Rxa5 14. Ba3 Qe7 15. Bxd6 Qxd6 16. Rab1 Ba6 17. Bxa6 Rxa6 18. Rfc1 Rfa8 19. h3 g6 {½-½ (37) Yu,Y (2750)-Adams,M (2761) Shenzhen 2017}) 12... dxe4 13. Nxe4 {LiveBook: 5 Games} Nxe4 14. Bxe4 {[#] The position is equal.} Qc7 $146 ({Predecessor:} 14... h6 15. Bb2 Nf6 16. Bc2 a5 17. Ne5 Qc7 18. Rac1 axb4 19. axb4 c5 20. bxc5 bxc5 21. dxc5 Bxc5 22. Bd4 Bd5 23. Qg3 Rfe8 24. Bxc5 Qxe5 {½-½ (24) Debashis,D (2505)-Efimenko,Z (2643) Warsaw 2017}) 15. Bg5 Rfe8 16. Rfe1 h6 17. Bh4 Bf4 18. Rad1 Rab8 19. Bb1 Nf8 20. Bg3 (20. Ne5 {seems wilder.} c5 21. Ba2 Bxe5 22. dxe5 Bc8 23. Bb1) 20... Rxe1+ 21. Rxe1 Bxg3 22. hxg3 Rd8 23. Ba2 ({Better is} 23. Ne5 $16) 23... Bc8 $11 24. Qc2 {Ne5 is the strong threat.} Be6 25. Bb1 Bd5 26. Ne5 Qd6 27. Kh2 Rc8 28. f4 Be6 29. Rc1 {[%cal Re5c6]} Bd5 30. Ba2 {Hoping for Nxf7!} Ne6 $2 {[#]} (30... Nd7 $11) 31. Nxf7 $1 $18 {[%mdl 512]} Qd7 (31... Kxf7 {is a better defense.} 32. Qf5+ Ke7 33. Bxd5 Rf8 34. Qxe6+ Qxe6 35. Bxe6 Kxe6) 32. Ne5 Qd6 33. Nf7 (33. Bxd5 $142 Qxd5 34. Qa4 (34. Qf5 Rc7 $16)) 33... Qd7 $1 {[%cal Rd7f7] [#]} 34. Bxd5 $1 Qxd5 35. Qg6 Nxd4 36. Nxh6+ $1 Kf8 {[#] intending ...Re8.} 37. Re1 $1 {[%cal Re1e5] Strongly threatening Re5.} gxh6 (37... Qd7 $142 38. Re4 Re8 39. Rxd4 Qe6 40. Qf5+ Qxf5 41. Nxf5 g6) 38. Qf6+ Kg8 39. Qg6+ Kf8 40. Qxh6+ Kf7 41. Re5 Qd8 42. Qh7+ {White mates.} Kf6 43. g4 {[%csl Ge5,Gf4][%cal Rg4g5]} Nf3+ 44. gxf3 {Precision: White = 65%, Black = 48%.} 1-0

[Event "Turkey IS Bank Super League 2017"]
[Site "Darica-Kocaeli"]
[Date "2017.08.04"]
[Round "10"]
[White "Guseinov, Gadir"]
[Black "Mamedov, Nidjat"]
[Result "1/2-1/2"]
[WhiteElo "2654"]
[BlackElo "2589"]
[Annotator "TA"]
[PlyCount "59"]
[EventType "team-tourn"]
[EventCountry "TUR"]
[SourceTitle "playchess.com"]
[Source "ChessBase"]
[SourceQuality "1"]

{[%evp 22,59,15,1,7,6,12,4,0,0,0,0,0,0,0,0,0,0,0,0,0,0,0,0,0,0,0,0,0,0,0,0,0,0,0,0,0,0,0,0]} 1. e4 e5 2. Nf3 Nf6 3. Nxe5 d6 4. Nf3 Nxe4 5. d4 d5 6. Bd3 Nc6 7. O-O Be7 8. Nc3 Bf5 9. Re1 Nxc3 {C42: Petroff Defence: 3 Nxe5 and unusual White 3rd moves} 10. bxc3 Bxd3 11. Qxd3 O-O 12. Re2 {LiveBook: 8 Games. The position is equal.} Na5 13. Bf4 Nc4 14. Rae1 {[#]} Bd6 $146 ({Predecessor:} 14... Bf6 15. Qf5 c6 16. Bg5 {½-½ (16) Aroshidze,L (2531)-Sandipan,C (2619) Sabadell 2014}) 15. Ng5 {[%csl Gg5][%cal Rd3h7] [#]} g6 16. Qh3 {[%csl Gg5][%cal Rh3h7]} h5 17. Qg3 Qd7 18. Bxd6 Nxd6 19. Re7 Rfe8 20. Nxf7 $1 Rxe7 {[%cal Re7e1] [#]} 21. Qxg6+ Kf8 {[%cal Re7e1]} 22. Qh6+ $1 Kxf7 {[%cal Re7e1]} 23. Qh7+ Kf8 {[%cal Re7e1]} 24. Qh8+ $1 Kf7 {[%cal Re7e1]} 25. Qh7+ Kf8 {[%cal Re7e1]} 26. Qh8+ $1 Kf7 {[%cal Re7e1]} 27. Qh7+ Kf8 {[%cal Re7e1]} 28. Qh8+ $1 Kf7 {[%cal Re7e1]} 29. Qh7+ Kf8 {[%cal Re7e1]} 30. Qh8+ $1 1/2-1/2

[Event "Turkey IS Bank Super League 2017"]
[Site "Darica-Kocaeli"]
[Date "2017.08.04"]
[Round "10"]
[White "Swiercz, Dariusz"]
[Black "Rozum, Ivan"]
[Result "1/2-1/2"]
[WhiteElo "2638"]
[BlackElo "2573"]
[Annotator "TA"]
[PlyCount "71"]
[EventType "team-tourn"]
[EventCountry "TUR"]
[SourceTitle "playchess.com"]
[Source "ChessBase"]
[SourceQuality "1"]

{[%evp 16,71,29,-8,19,8,10,7,13,0,0,0,0,-35,0,0,0,0,0,0,0,-4,6,0,10,0,3,-42,-47,-33,0,-6,0,0,0,0,0,0,0,0,0,0,0,0,0,0,0,0,0,0,0,0,0,0,0,0,0,0]} 1. c4 Nf6 2. Nf3 b6 3. d4 e6 4. g3 Bb7 5. Bg2 Be7 6. O-O O-O 7. Nc3 Na6 8. d5 Bb4 9. Bd2 {LiveBook: 36 Games. E17: Queen's Indian: 4 g3 Bb7 5 Bg2 Be7} Bxc3 (9... Nc5 10. Nh4 Re8 11. a3 Bxc3 12. Bxc3 exd5 13. cxd5 Nce4 14. Bd4 c5 15. dxc6 dxc6 16. f3 c5 17. Bxf6 Nxf6 {0-1 (60) Nakamura,H (2787)-Carlsen,M (2853) chess.com INT 2016}) 10. Bxc3 exd5 11. Nh4 Ne4 12. Rc1 $146 (12. Qd4 $5 {[%cal Rd4g7]} Nxc3 13. Qxc3 $11) ({Predecessor:} 12. cxd5 Nxc3 13. bxc3 Re8 14. e4 Qf6 15. Qd4 Qxd4 16. cxd4 g6 {½-½ (34) Leibson,L (2175)-Pukropski,G (2160) ICCF email 1997}) 12... Re8 ({Avoid the trap} 12... dxc4 $2 13. Bxe4 Bxe4 14. Qd4 $18) 13. cxd5 Qg5 14. d6 (14. Qd4 $5 {[%cal Rg2e4]} Nxc3 15. Rxc3 $11) 14... Nxd6 15. Bxb7 Nxb7 16. Qxd7 Rad8 17. Qc6 Nd6 {[%cal Bb7d6,Bd6b5,Bb5a3][%mdl 32]} 18. Nf3 $132 {[%mdl 2048] White has counterplay} Qh5 19. Rfe1 Nb5 20. Bd2 (20. Qc4 {is interesting.} Qd5 21. Qa4 Nxc3 22. Qxa6 Nxe2+ 23. Rxe2 Qxf3 24. Rxe8+ Rxe8 25. Qxa7 Qf6 26. Qa4) 20... Qd5 21. b4 Qxc6 22. Rxc6 Re4 (22... Rxd2 $5 23. Nxd2 Nxb4 $11) 23. a3 {The position is equal.} Nxa3 {White must now prevent ...Nb5.} 24. Ra1 Nb8 25. Rxc7 Nb5 26. Rxf7 Rxe2 27. Rf5 Nd4 28. Nxd4 Rxd2 29. Ne6 Rd1+ 30. Kg2 Rxa1 31. Nxd8 $11 {KRN-KRN} Rd1 32. Ne6 {[%csl Ge6][%cal Rf5f8] [#]} Nd7 33. Rf3 Rd6 34. Nc7 a5 35. bxa5 bxa5 36. Ra3 {Precision: White = 54%, Black = 67%.} 1/2-1/2

[Event "Turkey IS Bank Super League 2017"]
[Site "Darica-Kocaeli"]
[Date "2017.08.04"]
[Round "10"]
[White "Krasenkow, Michal"]
[Black "Erdogdu, Mert"]
[Result "1-0"]
[WhiteElo "2630"]
[BlackElo "2445"]
[Annotator "TA"]
[PlyCount "57"]
[EventType "team-tourn"]
[EventCountry "TUR"]
[SourceTitle "playchess.com"]
[Source "ChessBase"]
[SourceQuality "1"]

{[%evp 23,57,-48,-23,-49,-39,-52,-51,-70,-59,-72,0,0,424,434,422,436,417,385,516,515,476,506,503,516,506,493,556,522,694,712,712,697,1068,879,1065,1088]} 1. Nf3 Nf6 2. c4 g6 3. Nc3 Bg7 4. e4 d6 5. d4 O-O 6. Be2 e5 7. d5 a5 8. h3 Na6 9. Bg5 Qe8 10. g4 {E92: King's Indian: Classical: 6 Be2 e5: 7 dxe5, 7 Be3 and Petrosian System without 7...Nbd7} Nd7 11. Rg1 Kh8 12. h4 f5 {LiveBook: 3 Games} 13. gxf5 gxf5 14. exf5 Ndc5 15. h5 $146 ({Predecessor:} 15. Qd2 Bxf5 16. Bh6 Bxh6 17. Qxh6 Qe7 {1-0 (37) Sturt,R (2431)-Vovk,A (2633) chess.com INT 2017}) 15... Bxf5 16. Nh4 $1 {Hoping for h6.} e4 ({Better is} 16... Bd7 $17 17. Qd2 Qf7) 17. Be3 $1 $11 Nb4 $2 {[%mdl 8192] [#]} (17... Be5 $11 {and Black has nothing to worry.}) 18. Rxg7 $1 $18 {[%mdl 512]} Kxg7 19. Bd4+ Kg8 20. Kd2 e3+ 21. fxe3 {White is clearly winning.} Ne4+ 22. Nxe4 Qxe4 23. Nxf5 Rxf5 24. a3 c5 25. dxc6 $1 {And now Qg1+ would win.} ({Worse is} 25. axb4 cxd4 26. Qg1+ Kh8 $17) 25... Nxc6 {Strongly threatening ...Rf2.} 26. Qg1+ Kf7 27. Bd3 Qf3 {White must now prevent ...Rg8.} 28. Bxf5 {Intending Qg7+ and mate.} Nxd4 29. exd4 1-0

[Event "Turkey IS Bank Super League 2017"]
[Site "Darica-Kocaeli"]
[Date "2017.08.04"]
[Round "10"]
[White "Salgado Lopez, Ivan"]
[Black "Demircioglu, Emre"]
[Result "1-0"]
[WhiteElo "2622"]
[BlackElo "2265"]
[Annotator "TA"]
[PlyCount "39"]
[EventType "team-tourn"]
[EventCountry "TUR"]
[SourceTitle "playchess.com"]
[Source "ChessBase"]
[SourceQuality "1"]

{[%evp 23,39,21,40,21,32,12,52,56,154,120,251,247,242,236,29994,29995,29995,29996]} 1. e4 e5 2. Nf3 Nc6 3. Bb5 a6 4. Ba4 Nf6 5. O-O Be7 6. Re1 b5 7. Bb3 O-O 8. c3 d6 9. h3 Nb8 10. d3 Nbd7 11. Nbd2 Bb7 12. Nf1 h6 {LiveBook: 7 Games. C94: Closed Ruy Lopez: Breyer Variation with 10 d3} 13. Nh4 {[%cal Bf3h4,Bh4f5,Bf5h6,Bh6f7][%mdl 32]} Nc5 14. Bc2 $146 ({Predecessor:} 14. Ng6 Nxb3 15. Qxb3 Re8 16. Ne3 d5 17. Nxe7+ Rxe7 18. Nf5 Re6 19. Re3 dxe4 20. Rg3 {0-1 (36) Bashirli,N (2384)-Alekseev,E (2633) Nakhchivan 2016}) 14... d5 {The position is equal.} 15. exd5 Nxd5 (15... Re8 $14) 16. Nf5 $16 {Black must now prevent d4.} Bf6 {[#]} (16... Bg5 $16) 17. d4 $1 $18 exd4 18. cxd4 Nd7 $2 {[#]} (18... Nb4 $18) 19. Nxh6+ $1 {[%mdl 512]} Kh8 {[#]} (19... gxh6 20. Qd3) 20. Nxf7+ $1 {[%mdl 512]} 1-0

[Event "Turkey IS Bank Super League 2017"]
[Site "Darica-Kocaeli"]
[Date "2017.08.04"]
[Round "10"]
[White "Mchedlishvili, Mikheil"]
[Black "Safarli, Eltaj"]
[Result "1/2-1/2"]
[WhiteElo "2602"]
[BlackElo "2641"]
[Annotator "TA"]
[PlyCount "62"]
[EventType "team-tourn"]
[EventCountry "TUR"]
[SourceTitle "playchess.com"]
[Source "ChessBase"]
[SourceQuality "1"]

{[%evp 39,62,24,28,45,42,44,41,37,53,52,31,0,0,0,0,0,0,0,43,56,34,49,53,0,0]} 1. d4 Nf6 2. c4 g6 3. Nc3 d5 4. cxd5 Nxd5 5. e4 Nxc3 6. bxc3 Bg7 7. Nf3 c5 8. Rb1 O-O 9. Be2 cxd4 10. cxd4 Qa5+ 11. Bd2 Qxa2 12. O-O Bg4 13. Bg5 h6 14. Be3 Nc6 15. d5 Na5 16. Bc5 {D85: Exchange Grünfeld: Unusual White 7th moves and lines with 7 Nf3} b6 17. Bxe7 Rfe8 18. d6 Nc6 19. Bb5 Nxe7 20. h3 Bxf3 {LiveBook: 4 Games} 21. Qxf3 Qe6 22. Bxe8 Rxe8 23. dxe7 Qxe7 {[#]} 24. Rfd1 $146 Bf8 25. Qc3 Qxe4 26. Re1 Qa8 27. Rxe8 Qxe8 28. Qc7 Qe4 29. Ra1 a5 30. Qxb6 a4 31. Qb1 (31. Qe3 $1 $14 Qa8 32. Ra2) 31... Qa8 1/2-1/2